[Event "PCA Classics Riga  [Anand"]
[Site "?"]
[Date "1995.??.??"]
[Round "?"]
[White "Anand, Viswanathan"]
[Black "Vaganian, Rafael A"]
[Result "1-0"]
[WhiteElo "2715"]
[BlackElo "2640"]
[PlyCount "34"]
[EventDate "1995.??.??"]
[Source "www.chesslib.no"]
[SourceDate "2004.05.04"]

1. e4 e6 2. d4 d5 3. Nc3 dxe4 4. Nxe4 Nd7 5. Nf3 Ngf6 6. Bd3 Nxe4 7. Bxe4 Nf6 8. Bg5 Be7 9. Bxf6 gxf6 10. Qe2 c6 11. Qd1 Qb6 12. Qe2 Bd7 13. c3 Qxd4 14. Bg6 Bd6 15. Ng1 Rd8 16. Qf1 Qa4 17. Bh5 Qd1+ 1-0

[Event "Tal Memorial Tournament"]
[Site "?"]
[Date "1995.04.21"]
[Round "10"]
[White "Anand Viswanathan"]
[Black "Vaganian Rafael Agred"]
[Result "1-0"]
[WhiteElo "2715"]
[BlackElo "2640"]
[PlyCount "43"]
[EventDate "1995.??.??"]
[Source "www.chesslib.no"]
[SourceDate "2004.05.04"]

1. e4 e6 2. d4 d5 3. Nc3 dxe4 4. Nxe4 Nd7 5. Nf3 Ngf6 6. Bd3 Nxe4 7. Bxe4 Nf6 8. Bg5 Be7 9. Bxf6 gxf6 10. Qe2 c6 11. O-O Qb6 12. c4 Bd7 13. c5 Qc7 14. Rfd1 h5 15. Nd2 Rd8 16. Nc4 Bc8 17. Qe3 b5 18. cxb6 axb6 19. Rac1 Bb7 20. Qf3 f5 21. Ne5 fxe4 22. Qxf7# 1-0

[Event "PCA Classics"]
[Site "PCA Classics Riga"]
[Date "1995.??.??"]
[Round "10"]
[White "Anand, Viswanathan"]
[Black "Vaganian, Rafael A"]
[Result "1-0"]
[WhiteElo "2715"]
[BlackElo "2640"]
[PlyCount "41"]
[EventDate "1995.??.??"]
[Source "www.chesslib.no"]
[SourceDate "2004.05.04"]

1. e4 e6 2. d4 d5 3. Nc3 dxe4 4. Nxe4 Nd7 5. Nf3 Ngf6 6. Bd3 Nxe4 7. Bxe4 Nf6 8. Bg5 Be7 9. Bxf6 gxf6 10. Qe2 c6 11. O-O Qb6 12. c4 Bd7 13. c5 Qc7 14. Rfd1 h5 15. Nd2 Rd8 16. Bd5 Qc8 17. Qb5 b6 18. Qa6 cxd5 19. Rac1 Ba4 20. f4 Rh7 21. Qxa7 1-0

[Event "34. Olympiad"]
[Site "?"]
[Date "2000.11.02"]
[Round "6"]
[White "Fedorov Alexei"]
[Black "Van Wely Loek"]
[Result "1/2-1/2"]
[WhiteElo "2646"]
[BlackElo "2643"]
[PlyCount "58"]
[EventDate "2000.??.??"]
[Source "www.chesslib.no"]
[SourceDate "2004.05.04"]

1. e4 e6 2. d4 d5 3. Nc3 dxe4 4. Nxe4 Nd7 5. Bd3 Ngf6 6. Qe2 c5 7. Nxf6+ Nxf6 8. dxc5 Bxc5 9. Bg5 h6 10. Bb5+ Bd7 11. Bxd7+ Qxd7 12. Bxf6 gxf6 13. Rd1 Qc6 14. Nf3 O-O 15. O-O Rfd8 16. c3 b5 17. Rd3 Rxd3 18. Qxd3 Qb6 19. b4 Bf8 20. Nd4 a6 21. Qf3 Rc8 22. Qxf6 Bg7 23. Qf3 Bxd4 24. cxd4 Qxd4 25. a3 Rd8 26. Qb7 Qd5 27. Qc7 Rd6 28. h3 Rc6 29. Qg3+ Kh7 1/2-1/2

[Event "Amber-blind 7th"]
[Site "Monte Carlo"]
[Date "1998.03.16"]
[Round "4"]
[White "Shirov, Alexei"]
[Black "Ljubojevic, Ljubomir"]
[Result "1/2-1/2"]
[WhiteElo "2710"]
[BlackElo "2565"]
[PlyCount "125"]
[EventDate "1998.03.13"]
[Source "ChessBase"]
[SourceDate "1998.04.29"]

1. e4 e6 2. d4 d5 3. Nc3 dxe4 4. Nxe4 Nd7 5. Nf3 Ngf6 6. Nxf6+ Nxf6 7. Bg5 h6 8. Bh4 Be7 9. Bc4 a6 10. O-O O-O 11. Qe2 b5 12. Bb3 Bb7 13. Rad1 Nd5 14. Bg3 c5 15. c3 Qb6 16. Ne5 Rad8 17. dxc5 Bxc5 18. Bc2 Bd6 19. Rd4 Nf6 20. Re1 Rfe8 21. a4 Bc7 22. Rxd8 Rxd8 23. axb5 axb5 24. Bh4 Bxe5 25. Qxe5 Rd5 26. Qb8+ Rd8 27. Qg3 Kf8 28. Bxf6 gxf6 29. Qf4 Ke7 30. h3 Qd6 31. Qe3 Rg8 32. Be4 Bxe4 33. Qxe4 Rd8 34. Ra1 Rd7 35. Qh4 b4 36. Qxh6 bxc3 37. bxc3 Qd2 38. Qxd2 Rxd2 39. Ra7+ Kf8 40. c4 f5 41. g3 f4 42. gxf4 Rd4 43. c5 Rc4 44. Rc7 Rxf4 45. c6 Rc4 46. Kg2 Rc3 47. h4 Kg7 48. Rc8 e5 49. Kf1 Rc2 50. Ke1 f5 51. Kd1 Rc4 52. Kd2 Rxh4 53. Kc3 Rh1 54. Kc4 e4 55. Kd5 Rc1 56. Kd6 Rc2 57. Rb8 Rd2+ 58. Ke5 Rc2 59. Rb7+ Kg6 60. c7 Kg5 61. Kd6 Rd2+ 62. Ke7 Rc2 63. Kd7 1/2-1/2

[Event "Tilburg"]
[Site "Tilburg"]
[Date "1991.??.??"]
[Round "12"]
[White "Short, Nigel D"]
[Black "Kortschnoj, Viktor"]
[Result "1/2-1/2"]
[WhiteElo "2660"]
[BlackElo "2610"]
[PlyCount "112"]
[EventDate "1991.10.??"]
[Source "ChessBase"]

1. e4 e6 2. d4 d5 3. Nc3 dxe4 4. Nxe4 Nd7 5. Nf3 Ngf6 6. Nxf6+ Nxf6 7. Bd3 b6 8. Qe2 Bb7 9. Bg5 h6 10. Bxf6 gxf6 11. O-O-O Qd6 12. Ba6 O-O-O 13. Rhe1 c6 14. Kb1 Bg7 15. Bxb7+ Kxb7 16. c4 f5 17. d5 cxd5 18. cxd5 exd5 19. Qe7+ Qc7 20. Nh4 Bf8 21. Qxc7+ Kxc7 22. Re5 Kc6 23. Rxf5 Rd7 24. Kc2 Rg8 25. g3 Bg7 26. Rf3 Re8 27. Nf5 Bf8 28. Rc3+ Kb7 29. Rcd3 Re5 30. Ne3 Bc5 31. Rxd5 Rexd5 32. Rxd5 Rxd5 33. Nxd5 Bxf2 34. Kd3 Bg1 35. h3 Bh2 36. g4 Kc6 37. Ke4 Kd6 38. Ne3 Ke6 39. Nf5 Be5 40. b3 h5 41. gxh5 Kf6 42. Nd4 Bg3 43. Nc6 a6 44. Nb4 Kg5 45. Nxa6 f5+ 46. Kd5 Kxh5 47. Nb4 Kh4 48. Nd3 Kxh3 49. Kc6 Kg2 50. Kxb6 Kf3 51. Kb5 Ke4 52. Kc4 f4 53. a4 f3 54. a5 f2 55. Nxf2+ Bxf2 56. b4 Ke5 1/2-1/2

[Event "EU-ch 2nd"]
[Site "Ohrid"]
[Date "2001.06.02"]
[Round "2"]
[White "Luther, Thomas"]
[Black "Gurevich, Mikhail"]
[Result "1/2-1/2"]
[WhiteElo "2568"]
[BlackElo "2688"]
[PlyCount "66"]
[EventDate "2001.06.01"]
[Source "ChessBase"]
[SourceDate "2001.09.13"]

1. e4 e6 2. d4 d5 3. Nc3 dxe4 4. Nxe4 Nd7 5. Nf3 Ngf6 6. Bg5 h6 7. Nxf6+ Nxf6 8. Bh4 c5 9. Bc4 a6 10. O-O Be7 11. Bb3 cxd4 12. Nxd4 O-O 13. Re1 Bc5 14. c3 Bd7 15. Rc1 Re8 16. Rc2 Bxd4 17. Qxd4 Bc6 18. Rd2 Qxd4 19. Rxd4 Rad8 20. Red1 Rxd4 21. Rxd4 g5 22. Bg3 e5 23. Rd1 Kg7 24. f3 e4 25. fxe4 Nxe4 26. Bc7 Nc5 27. Bc4 f6 28. b3 Ne6 29. Bd6 Nf4 30. Bxf4 gxf4 31. Bd5 Re2 32. Bxc6 bxc6 33. Rd6 Rxa2 1/2-1/2

[Event "Skolernes Skakklub"]
[Site "Aarhus"]
[Date "1997.??.??"]
[Round "9"]
[White "Hansen, Curt"]
[Black "Rozentalis, Eduardas"]
[Result "1/2-1/2"]
[WhiteElo "2605"]
[BlackElo "2650"]
[PlyCount "46"]
[EventDate "1997.06.20"]
[Source "ChessBase"]
[SourceDate "1997.10.13"]

1. e4 e6 2. d4 d5 3. Nc3 dxe4 4. Nxe4 Bd7 5. Nf3 Bc6 6. Bd3 Nd7 7. O-O Bxe4 8. Bxe4 c6 9. c3 Bd6 10. Bc2 Ngf6 11. Qe2 Qc7 12. Re1 O-O 13. Ne5 c5 14. Nxd7 Nxd7 15. dxc5 Bxh2+ 16. Kh1 Be5 17. Be3 g6 18. Ba4 Bg7 19. Bxd7 Qxd7 20. Qc4 Rfd8 21. Rad1 Qc6 22. Kg1 Rac8 23. b4 a6 1/2-1/2